000 00766nam a22002177a 4500
003 OSt
005 20251022031506.0
008 250730b |||||||| |||| 00| 0 eng d
020 _a979-971-510-256-8
040 _aDWCL-Main lib
_cOC
082 _aFil. 275.99 L429f 2014
100 _aLayugan, Michael G.
245 _a From mission church to missionary church :
_bDivine Word Missionaries in the Philippines, 1909-1957/
_cMichael G. Layugan
260 _aManila :
_b Logos Publications,
_cc2014.
300 _axviii, 609 pages :
_billustrations ;
_c24 cm.
504 _aBibliography: pp. 579-609
650 _a1.Missions--Philippines.
650 _a2. Catholic church--Philippines.
650 _a3. Catholic church.
942 _2ddc
_cBK - FIL
_kFil.
_n0
999 _c3879
_d3879